1488 1501 1824 1447 1107 1559 1539 1488 1567 1685 1599 1000 1315 1519 1636 1896 1495 1968 1467 1290 1047 1685 1730 1731 1496 1641 1287 1924 1250 1992 1744 1008 1284 1558 1390 1325 1699 1024 1183 1726 1170 1774 1008 1061 1140 1144 1941 1123 1128 1976 1531 1957 1312 1658 1736 1174 1751 1364 1647 1017 1478 1671 1314 1643 1477 1962 1920 1237 1898 1727 1278 1540 1851 1788 1329 1283 1968 1226 1750 1725 1489 1234 1603 1640 1366 1134 1267 1673 1579 1614 1267 1717 1853 1517 1813 1829 1927 1710 1534 BCNSPRNW ULIB Ver.6.0+V

เปลี่ยนเป็นภาษาไทย

Change to English
 แสดงรายละเอียดบรรณานุกรม
  กลับหน้าหลัก

Brief Record : Get Marc (ISO 2709) : E-mail record : QR code < ปิดหน้าต่าง
LEADER : 00000nam 2200000uu 4500
001    13399112987
003     ULIB
008    110921s2553||||th 000 0 tha d
020    9786165000642
090    นว.^bณ429ย 2553
100 0  ณารา
245 00 ยุทธการล่าจารกรรมรัก/^cณารา
250    พิมพ์ครั้งที่ 2
260    กรุงเทพฯ :^bพิมพ์คำ,^c2553
300    340 หน้า
945    ^p240^l0^i18592
995    กัณชพร
999     ^aใช้งานได้ทุกระบบ
รายการนี้ยังไม่มีแท็ก
คุณยังไม่ได้ล็อกอิน คุณสามารถมีกิจกรรมร่วมกับเว็บไซต์ได้ แต่ต้องล็อกอินก่อน ::
  ล็อกอิน

รายการสื่อสารสนเทศ

ลำดับที่ ประเภท เลขเรียก/บาร์โค้ด สถานที่ สถานะ
1. นวนิยาย
นวนิยาย
นว. ณ429ย 2553  
  Barcode: 18592
ห้องสมุดวิทยาเขตสวรรค์ประชารักษ์
►นวนิยาย
บนชั้น
  ขอยืม

รายการใกล้เคียง
    ผู้แต่ง [ณารา]

BibComment


ยังไม่เคยถูกคอมเมนท์

คอมเมนท์ทรัพยากรรายการนี้
  คอมเมนท์: ยุทธการล่าจารกรรม..


 Copyright 2026. Bcnsprnw @Library